MARC

LEADER 00000nam0a2200000 4500
001 45181
005 20231031023806.0
035 |a (RuTPU)RU\TPU\book\46946 
090 |a 45181 
100 |a 20021204d2001 k y0rusy50 ca 
101 0 |a rus 
102 |a RU 
105 |a y z 001zy 
200 1 |a Природные ресурсы и экологическая безопасность Западной Сибири  |f А. М. Адам, Р. Г. Мамин 
205 |a 2-е изд., перераб. и доп. 
210 |a Москва  |c НИА-Природа  |d 2001 
215 |a 172 с. 
320 |a Библиогр.: с. 168-172. 
610 1 |a окружающая среда 
610 1 |a природопользование 
610 1 |a природные ресурсы 
610 1 |a экологическая безопасность 
610 1 |a Западная Сибирь 
610 1 |a Алтай 
610 1 |a Кемеровская область 
610 1 |a Новосибирская область 
610 1 |a Омская область 
610 1 |a Томская область 
610 1 |a Тюменская область 
610 1 |a Ханты-Мансийский автономный округ 
610 1 |a Ямало-Ненецкий автономный округ 
610 1 |a климат 
610 1 |a атмосферный воздух 
610 1 |a водные ресурсы 
610 1 |a недропользование 
610 1 |a минеральные ресурсы 
610 1 |a лесные ресурсы 
610 1 |a растительность 
610 1 |a животный мир 
610 1 |a почва 
610 1 |a землепользование 
610 1 |a устойчивое развитие 
610 1 |a региональная экономика 
610 1 |a экологизация 
610 1 |a города 
610 1 |a здания 
675 |a 504.062  |v 3 
700 1 |a Адам  |b А. М. 
701 1 |a Мамин  |b Р. Г. 
801 1 |a RU  |b 63413507  |c 20021204  |g PSBO 
801 2 |a RU  |b 63413507  |c 20150127  |g PSBO 
942 |c BK